A magyar hadsereg tábori lelkészei 1848–49-ben

Elmentve itt :
Bibliográfiai részletek
Szerző: Zakar Péter
Dokumentumtípus: Könyv
Megjelent: Magyar Egyháztörténeti Enciklopédia Munkaközösség (METEM) Budapest 1999
Sorozat:METEM Könyvek 23
mtmt:1773769
Online Access:http://publicatio.bibl.u-szeged.hu/18739
LEADER 00676nam a2200181 i 4500
001 publ18739
005 20201112145303.0
008 200522s1999 hu o 0|| zxx d
020 |a 9638472391 
024 7 |a 1773769  |2 mtmt 
040 |a SZTE Publicatio Repozitórium  |b hun 
041 |a zxx 
100 1 |a Zakar Péter 
245 1 2 |a A magyar hadsereg tábori lelkészei 1848–49-ben  |h [elektronikus dokumentum] /  |c  Zakar Péter 
260 |a Magyar Egyháztörténeti Enciklopédia Munkaközösség (METEM)  |b Budapest  |c 1999 
300 |a 191 
490 0 |a METEM Könyvek  |v 23 
856 4 0 |u http://publicatio.bibl.u-szeged.hu/18739/1/Amagyarhadseregtaborilelkeszei184849-ben.pdf  |z Dokumentum-elérés